| 000 | 00853nam a22002297a 4500 | ||
|---|---|---|---|
| 008 | 240605b mp ||||| |||| 00| 0 mon d | ||
| 020 | _a978-99962-0-813-0 | ||
| 035 | _a10346 | ||
| 040 |
_aHE0623081 _bmon _cMN-UlNLM _dMN-UlNLM _erda |
||
| 041 | _amon | ||
| 042 | _a22171 | ||
| 084 |
_2NNA _a84(0)-44 _bГ.185 |
||
| 100 | _aМацүтани М. | ||
| 245 | 0 | _aЛуугийн хүү Таро | |
| 264 |
_aУБ _bМонсудар ХГ _c1976 |
||
| 300 | _a124х. | ||
| 336 |
_2rdacontent _atext _btxt |
||
| 337 |
_2rdamedia _aunmediated _bn |
||
| 338 |
_2rdacarrier _avolume _bnc |
||
| 650 | _aТаро хаа явсан газраа зүггүйтэж байдаг жирийн л нэг жаал. Гэхдээ түүнд хэнд ч байдаггүй нэгэн хачирхалтай зүйл бий. Тэр нь хурма... | ||
| 942 |
_2NNA _cBK |
||
| 999 |
_c882430 _d882487 |
||